Manual Of Pre-Emption Laws: (Record no. 586933)
[ view plain ]
| 000 -LEADER | |
|---|---|
| fixed length control field | 00435nam a22001457a 4500 |
| 082 ## - DEWEY DECIMAL CLASSIFICATION NUMBER | |
| Classification number | 346.54910436 MAH |
| 100 ## - MAIN ENTRY--PERSONAL NAME | |
| Personal name | Mahmood, M. |
| 245 ## - TITLE STATEMENT | |
| Title | Manual Of Pre-Emption Laws: |
| Remainder of title | Amendments and Case Law Up-to-date / |
| Statement of responsibility, etc. | M. Mahmood |
| 250 ## - EDITION STATEMENT | |
| Edition statement | 6th Edition. |
| 260 ## - PUBLICATION, DISTRIBUTION, ETC. | |
| Place of publication, distribution, etc. | Lahore : |
| Name of publisher, distributor, etc. | Al-Qanoon Publishers, |
| Date of publication, distribution, etc. | N.A. |
| 300 ## - PHYSICAL DESCRIPTION | |
| Extent | 1100 p. ; |
| Dimensions | 24 cm. |
| 942 ## - ADDED ENTRY ELEMENTS (KOHA) | |
| Source of classification or shelving scheme | |
| Koha item type | Book |
| Withdrawn status | Lost status | Source of classification or shelving scheme | Damaged status | Not for loan | Permanent Location | Current Location | Shelving location | Date acquired | Source of acquisition | Full call number | Barcode | Date last seen | Price effective from | Koha item type | Total Checkouts |
|---|---|---|---|---|---|---|---|---|---|---|---|---|---|---|---|
| NUST Law School (NLS) | NUST Law School (NLS) | Law | 12/01/2021 | Pakistan Law House | 346.54910436 MAH | CL-840 | 12/01/2021 | 12/01/2021 | Book | ||||||
| NUST Law School (NLS) | NUST Law School (NLS) | 05/08/2025 | 346.54910436 MAH | NLSD-52 | 05/08/2025 | 05/08/2025 | Book |
